[Event "Speed Chess (Women) GP1"]
[Site "Chess.com INT"]
[Date "2020.06.24"]
[Round "1.2"]
[White "Mammadzada, Gunay Vuqar Qizi"]
[Black "Kosteniuk, Alexandra"]
[Result "0-1"]
[WhiteElo "2443"]
[BlackElo "2471"]
[PlyCount "116"]
[EventDate "2020.06.24"]
[EventType "k.o. (blitz)"]
[EventRounds "4"]
[EventCountry "USA"]
[SourceTitle "CBM 197 Extra"]
[Source "ChessBase"]
[SourceDate "2020.09.30"]
[SourceVersion "1"]
[SourceVersionDate "2020.09.30"]
[SourceQuality "1"]

1. d4 Nf6 2. c4 e6 3. g3 d5 4. Bg2 dxc4 5. Nf3 Nc6 6. Qa4 Bb4+ 7. Bd2 Bd6 8.
O-O O-O 9. Qxc4 e5 10. dxe5 Nxe5 11. Nxe5 Bxe5 12. Bc3 Bxc3 13. Nxc3 c6 14. Qb4
a5 15. Qc5 Be6 16. Rfd1 Qb8 17. e4 Nd7 18. Qe3 Qa7 19. Qxa7 Rxa7 20. f4 f5 21.
e5 Kf7 22. Rac1 Ke7 23. a3 Rd8 24. Ne2 Raa8 25. Nd4 Nb6 26. Nxe6 Kxe6 27. Bf1
Ke7 28. Kf2 Na4 29. b3 Nc5 30. Rxd8 Ne4+ 31. Ke3 Rxd8 32. Bd3 g6 33. Bxe4 fxe4
34. Kxe4 Rd2 35. h3 Rb2 36. Rc3 Ke6 37. g4 Re2+ 38. Re3 Rf2 39. Rd3 Re2+ 40.
Kf3 Rb2 41. Rd6+ Ke7 42. Rd3 Ke6 43. Ke3 Rh2 44. Kd4 Rc2 45. Re3 Rd2+ 46. Kc3
Rf2 47. Re4 Rf3+ 48. Kc4 b6 49. b4 axb4 50. axb4 b5+ 51. Kc5 Rc3+ 52. Kb6 Rc4
53. Re2 Rxf4 54. Kxc6 Rxb4 55. Kc5 Rb3 56. h4 Rg3 57. Re4 Rb3 58. h5 g5 0-1

[Event "Speed Chess (Women) GP1"]
[Site "Chess.com INT"]
[Date "2020.06.24"]
[Round "1.3"]
[White "Kosteniuk, Alexandra"]
[Black "Mammadzada, Gunay Vuqar Qizi"]
[Result "1-0"]
[WhiteElo "2471"]
[BlackElo "2443"]
[PlyCount "61"]
[EventDate "2020.06.24"]
[EventType "k.o. (blitz)"]
[EventRounds "4"]
[EventCountry "USA"]
[SourceTitle "CBM 197 Extra"]
[Source "ChessBase"]
[SourceDate "2020.09.30"]
[SourceVersion "1"]
[SourceVersionDate "2020.09.30"]
[SourceQuality "1"]

1. e4 c5 2. Nf3 d6 3. d4 cxd4 4. Nxd4 Nf6 5. Nc3 a6 6. Bg5 Nbd7 7. Bc4 Qb6 8.
Bb3 e6 9. a4 Qa5 10. Qd2 h6 11. Bxf6 Nxf6 12. O-O Be7 13. f4 Qc7 14. Rae1 O-O
15. e5 dxe5 16. fxe5 Nh7 17. Kh1 Bd7 18. Qf4 Rad8 19. Nce2 Bc5 20. c3 Bc6 21.
Nxc6 Qxc6 22. Bc2 Rd7 23. h4 Rfd8 24. Ng3 Nf8 25. Qg4 Rd2 26. Be4 Qe8 27. b4
Bf2 28. Re2 Bxg3 29. Rxd2 Rxd2 30. Qxg3 Qxa4 31. Bxb7 1-0

[Event "Speed Chess (Women) GP1"]
[Site "Chess.com INT"]
[Date "2020.06.24"]
[Round "1.4"]
[White "Mammadzada, Gunay Vuqar Qizi"]
[Black "Kosteniuk, Alexandra"]
[Result "0-1"]
[WhiteElo "2443"]
[BlackElo "2471"]
[PlyCount "94"]
[EventDate "2020.06.24"]
[EventType "k.o. (blitz)"]
[EventRounds "4"]
[EventCountry "USA"]
[SourceTitle "CBM 197 Extra"]
[Source "ChessBase"]
[SourceDate "2020.09.30"]
[SourceVersion "1"]
[SourceVersionDate "2020.09.30"]
[SourceQuality "1"]

1. e4 e5 2. Nf3 Nc6 3. Bb5 a6 4. Ba4 Nf6 5. O-O Be7 6. Re1 b5 7. Bb3 d6 8. c3
O-O 9. d4 Bg4 10. Be3 exd4 11. cxd4 Na5 12. Bc2 Nc4 13. Bc1 c5 14. b3 Nb6 15.
Nbd2 Rc8 16. Bb2 cxd4 17. h3 Bh5 18. g4 Nxg4 19. hxg4 Bxg4 20. Bxd4 Bg5 21. Be3
Bf6 22. Rc1 Nd7 23. Bd3 Bc3 24. Be2 Qf6 25. Nh2 Bh3 26. Bf1 Qg6+ 27. Kh1 Be6
28. Bg2 Ne5 29. Qe2 d5 30. f4 Bg4 31. Qf1 d4 32. Bxd4 Bxd2 33. Bxe5 Bxc1 34.
Rxc1 Qh5 35. Kg1 Rxc1 36. Qxc1 Rd8 37. Nf1 f6 38. Qc7 Rc8 39. Qd6 fxe5 40. fxe5
Qe8 41. Ne3 Rc1+ 42. Kh2 Be6 43. Nd5 Qh5+ 44. Kg3 Qg4+ 45. Kf2 Rc2+ 46. Ke3
Qg5+ 47. Kd4 Qd2# 0-1

[Event "Speed Chess (Women) GP1"]
[Site "Chess.com INT"]
[Date "2020.06.24"]
[Round "1.5"]
[White "Kosteniuk, Alexandra"]
[Black "Mammadzada, Gunay Vuqar Qizi"]
[Result "1-0"]
[WhiteElo "2471"]
[BlackElo "2443"]
[PlyCount "39"]
[EventDate "2020.06.24"]
[EventType "k.o. (blitz)"]
[EventRounds "4"]
[EventCountry "USA"]
[SourceTitle "CBM 197 Extra"]
[Source "ChessBase"]
[SourceDate "2020.09.30"]
[SourceVersion "1"]
[SourceVersionDate "2020.09.30"]
[SourceQuality "1"]

1. e4 c5 2. Nf3 d6 3. c3 Nf6 4. Be2 Nbd7 5. Qc2 Qc7 6. O-O b6 7. c4 Bb7 8. Nc3
e6 9. d4 cxd4 10. Nxd4 a6 11. f3 Be7 12. Be3 O-O 13. a4 Rac8 14. a5 d5 15. cxd5
exd5 16. axb6 Nxb6 17. Bxa6 dxe4 18. Ndb5 Qc6 19. Na7 Qc7 20. Bxb7 1-0

[Event "Speed Chess (Women) GP1"]
[Site "Chess.com INT"]
[Date "2020.06.24"]
[Round "1.6"]
[White "Mammadzada, Gunay Vuqar Qizi"]
[Black "Kosteniuk, Alexandra"]
[Result "0-1"]
[WhiteElo "2443"]
[BlackElo "2471"]
[PlyCount "164"]
[EventDate "2020.06.24"]
[EventType "k.o. (blitz)"]
[EventRounds "4"]
[EventCountry "USA"]
[SourceTitle "CBM 197 Extra"]
[Source "ChessBase"]
[SourceDate "2020.09.30"]
[SourceVersion "1"]
[SourceVersionDate "2020.09.30"]
[SourceQuality "1"]

1. d4 Nf6 2. c4 e6 3. g3 d5 4. Bg2 dxc4 5. Nf3 Nc6 6. O-O Rb8 7. e3 b5 8. Qe2
Be7 9. b3 cxb3 10. axb3 O-O 11. Rd1 Rb6 12. Nc3 a6 13. e4 Nb4 14. Be3 Rb8 15.
Ne5 Bb7 16. f4 Qe8 17. Rac1 Rc8 18. g4 c5 19. g5 Nd7 20. Nxd7 Qxd7 21. dxc5 Qc6
22. Na2 Nxa2 23. Qxa2 Rfd8 24. b4 Qc7 25. e5 Rxd1+ 26. Rxd1 Bxg2 27. Qxg2 a5
28. bxa5 Bxc5 29. Bxc5 Qxc5+ 30. Qf2 Qa3 31. Qd2 h6 32. gxh6 gxh6 33. Kf2 Kh8
34. f5 Qh3 35. Ke1 Qh4+ 36. Qf2 Qe4+ 37. Kf1 Qh1+ 38. Qg1 Qf3+ 39. Ke1 Qxf5 40.
Qe3 Kh7 41. Qe2 Qf4 42. Rd2 Qh4+ 43. Kd1 Rg8 44. Qd3+ Rg6 45. Kc2 Qa4+ 46. Kb2
Qxa5 47. Qc3 b4 48. Qf3 Qxe5+ 49. Kb3 Qc3+ 50. Qxc3 bxc3 51. Kxc3 Rg4 52. Re2
Kg7 53. Kd3 h5 54. Ke3 Kg6 55. Kf3 Rg5 56. h3 e5 57. Rc2 f6 58. Rc6 Kf5 59. Rc4
Rg1 60. Rh4 Kg5 61. Rc4 Rf1+ 62. Kg2 Rf4 63. Rc8 h4 64. Rg8+ Kf5 65. Rh8 Ra4
66. Rh5+ Kg6 67. Rh8 Kg5 68. Rg8+ Kf5 69. Rh8 Rf4 70. Rg8 e4 71. Re8 Rf3 72.
Re7 Kf4 73. Rh7 Rg3+ 74. Kh2 Kf3 75. Rxh4 f5 76. Rh5 f4 77. Re5 Rg2+ 78. Kh1 e3
79. h4 e2 80. h5 Rg3 81. Kh2 Kf2 82. h6 Re3 0-1

[Event "Speed Chess (Women) GP1"]
[Site "Chess.com INT"]
[Date "2020.06.24"]
[Round "1.7"]
[White "Kosteniuk, Alexandra"]
[Black "Mammadzada, Gunay Vuqar Qizi"]
[Result "1-0"]
[WhiteElo "2471"]
[BlackElo "2443"]
[PlyCount "87"]
[EventDate "2020.06.24"]
[EventType "k.o. (blitz)"]
[EventRounds "4"]
[EventCountry "USA"]
[SourceTitle "CBM 197 Extra"]
[Source "ChessBase"]
[SourceDate "2020.09.30"]
[SourceVersion "1"]
[SourceVersionDate "2020.09.30"]
[SourceQuality "1"]

1. e4 c5 2. Nf3 d6 3. c3 Nf6 4. Be2 g6 5. O-O Bg7 6. Bb5+ Nbd7 7. Re1 a6 8. Bf1
O-O 9. d4 d5 10. exd5 Nxd5 11. c4 Nb4 12. d5 a5 13. Nc3 Nf6 14. a3 Na6 15. Bf4
Nh5 16. Bg5 Nf6 17. Qd2 Bf5 18. h3 Nc7 19. Qe3 Re8 20. Qxc5 Na6 21. Qe3 Rc8 22.
Nd4 Nc5 23. Nxf5 gxf5 24. Bh6 Bxh6 25. Qxh6 Kh8 26. Qf4 Qd7 27. Re5 e6 28. Rd1
Qe7 29. d6 Qd8 30. Qd4 Ncd7 31. Rb5 b6 32. Na4 Rc6 33. b4 e5 34. Qh4 axb4 35.
axb4 Ne4 36. Qxd8 Rxd8 37. f3 Nef6 38. Kf2 Ra8 39. Nc3 Ne8 40. Rbd5 f6 41. Bd3
Rcc8 42. Bxf5 Rxc4 43. Bxd7 Rxc3 44. Bf5 1-0

[Event "Speed Chess (Women) GP1"]
[Site "Chess.com INT"]
[Date "2020.06.24"]
[Round "1.8"]
[White "Mammadzada, Gunay Vuqar Qizi"]
[Black "Kosteniuk, Alexandra"]
[Result "0-1"]
[WhiteElo "2443"]
[BlackElo "2471"]
[PlyCount "106"]
[EventDate "2020.06.24"]
[EventType "k.o. (blitz)"]
[EventRounds "4"]
[EventCountry "USA"]
[SourceTitle "CBM 197 Extra"]
[Source "ChessBase"]
[SourceDate "2020.09.30"]
[SourceVersion "1"]
[SourceVersionDate "2020.09.30"]
[SourceQuality "1"]

1. e4 c6 2. d4 d5 3. Nc3 dxe4 4. Nxe4 Nf6 5. Nxf6+ exf6 6. c3 Bd6 7. Bd3 O-O 8.
Qc2 Re8+ 9. Ne2 h5 10. O-O h4 11. h3 Nd7 12. Be3 Nf8 13. c4 Be6 14. Rfe1 Rc8
15. Nc3 Bb8 16. Rad1 Qc7 17. f4 a6 18. Qf2 f5 19. d5 cxd5 20. Nxd5 Bxd5 21.
cxd5 Qd7 22. Bb1 Ng6 23. Qf3 Rc4 24. d6 Rc6 25. Bf2 Rxe1+ 26. Rxe1 Rxd6 27. Bc5
Rd5 28. Be3 Bc7 29. Bc2 b5 30. Bb3 Rd3 31. Qf1 Rxe3 32. Rxe3 Bb6 33. Qe2 Nxf4
34. Qf3 Bxe3+ 35. Qxe3 Ne6 36. Qe5 Qd4+ 37. Qxd4 Nxd4 38. Bd5 a5 39. Kf2 f4 40.
Ke1 Kf8 41. Kd2 Nf5 42. Kd3 Ke7 43. Bc6 b4 44. Kc4 Kd6 45. Bf3 Ne3+ 46. Kb5 f5
47. Kxa5 Kc5 48. Ka4 g5 49. Kb3 g4 50. Bb7 f3 51. gxf3 g3 52. f4 g2 53. Bxg2
Nxg2 0-1

[Event "Speed Chess (Women) GP1"]
[Site "Chess.com INT"]
[Date "2020.06.24"]
[Round "1.9"]
[White "Kosteniuk, Alexandra"]
[Black "Mammadzada, Gunay Vuqar Qizi"]
[Result "1-0"]
[WhiteElo "2471"]
[BlackElo "2443"]
[PlyCount "119"]
[EventDate "2020.06.24"]
[EventType "k.o. (blitz)"]
[EventRounds "4"]
[EventCountry "USA"]
[SourceTitle "CBM 197 Extra"]
[Source "ChessBase"]
[SourceDate "2020.09.30"]
[SourceVersion "1"]
[SourceVersionDate "2020.09.30"]
[SourceQuality "1"]

1. Nf3 d5 2. g3 c6 3. Bg2 Bg4 4. O-O Nd7 5. d4 e6 6. h3 Bf5 7. Nbd2 Ngf6 8. c4
Be7 9. cxd5 exd5 10. g4 Be4 11. Nxe4 Nxe4 12. Nd2 Nd6 13. f4 O-O 14. f5 Bg5 15.
Nf3 Bxc1 16. Qxc1 Ne4 17. Qf4 Re8 18. Rac1 Qb8 19. Qxb8 Raxb8 20. Rc2 f6 21. b4
Nb6 22. Kh2 Nc4 23. Re1 Re7 24. a4 Ned6 25. Nd2 Nxd2 26. Rxd2 Rbe8 27. b5 Re3
28. bxc6 bxc6 29. Kg1 Nc4 30. Rc2 Rb8 31. Kf2 Ra3 32. e4 Nb2 33. Bf1 Nxa4 34.
exd5 cxd5 35. Re7 Rc3 36. Ra2 Rb4 37. Rae2 h5 38. Rxa7 hxg4 39. hxg4 Rxd4 40.
Re8+ Kh7 41. Ree7 Rxg4 42. Be2 Rf4+ 43. Ke1 Nc5 44. Kd2 Kh6 45. Kxc3 d4+ 46.
Kc4 d3+ 47. Kxc5 dxe2 48. Rxe2 Rxf5+ 49. Kd4 Rg5 50. Ke3 Kg6 51. Kf3 Rf5+ 52.
Kg3 Rg5+ 53. Kf2 f5 54. Re3 Kh5 55. Rh3+ Kg6 56. Rg3 Rxg3 57. Kxg3 Kf6 58. Kf4
g5+ 59. Kf3 g4+ 60. Kf4 1-0

[Event "Speed Chess (Women) GP1"]
[Site "Chess.com INT"]
[Date "2020.06.24"]
[Round "1.10"]
[White "Mammadzada, Gunay Vuqar Qizi"]
[Black "Kosteniuk, Alexandra"]
[Result "0-1"]
[WhiteElo "2443"]
[BlackElo "2471"]
[PlyCount "140"]
[EventDate "2020.06.24"]
[EventType "k.o. (blitz)"]
[EventRounds "4"]
[EventCountry "USA"]
[SourceTitle "CBM 197 Extra"]
[Source "ChessBase"]
[SourceDate "2020.09.30"]
[SourceVersion "1"]
[SourceVersionDate "2020.09.30"]
[SourceQuality "1"]

1. e4 e5 2. Nf3 Nc6 3. Bb5 a6 4. Ba4 Nf6 5. O-O Be7 6. Re1 b5 7. Bb3 d6 8. c3
O-O 9. d4 Bg4 10. Be3 exd4 11. cxd4 Na5 12. Bc2 Nc4 13. Bc1 c5 14. b3 Nb6 15.
Nbd2 Rc8 16. Bb2 cxd4 17. Qb1 Nbd7 18. Nxd4 Qb6 19. h3 Be6 20. Kh1 h6 21. f4
Nh5 22. f5 Bh4 23. fxe6 fxe6 24. Rd1 d5 25. N2f3 Ng3+ 26. Kh2 Qd6 27. Kg1 Bf6
28. exd5 exd5 29. Bd3 Nc5 30. Re1 Nce4 31. Qd1 Qb6 32. Bf1 Nc3 33. Bxc3 Rxc3
34. Kh2 Ne4 35. Bd3 Nf2 36. Qe2 Rxd3 37. Qxf2 Bxd4 38. Qe2 Rdxf3 39. gxf3 Qd6+
40. Kg2 Bxa1 41. Rxa1 d4 42. Rd1 Rd8 43. Qe4 Qd5 44. Qxd5+ Rxd5 45. Rd3 Kf7 46.
f4 Kf6 47. Kf3 Kf5 48. h4 g6 49. b4 h5 50. a3 Rd6 51. Rd1 d3 52. Rd2 Rd8 53.
Ke3 Re8+ 54. Kf3 Rd8 55. Ke3 Rd7 56. Kf3 Rd4 57. Ke3 Re4+ 58. Kxd3 Rxf4 59. Rc2
Rf3+ 60. Kd4 Rxa3 61. Rc5+ Kg4 62. Rg5+ Kxh4 63. Rxg6 a5 64. bxa5 Rxa5 65. Kc5
Ra4 66. Kxb5 Rg4 67. Re6 Kg3 68. Kc5 h4 69. Kd5 h3 70. Rf6 h2 0-1

[Event "Speed Chess (Women) GP1"]
[Site "Chess.com INT"]
[Date "2020.06.24"]
[Round "1.11"]
[White "Kosteniuk, Alexandra"]
[Black "Mammadzada, Gunay Vuqar Qizi"]
[Result "1-0"]
[WhiteElo "2471"]
[BlackElo "2443"]
[PlyCount "41"]
[EventDate "2020.06.24"]
[EventType "k.o. (blitz)"]
[EventRounds "4"]
[EventCountry "USA"]
[SourceTitle "CBM 197 Extra"]
[Source "ChessBase"]
[SourceDate "2020.09.30"]
[SourceVersion "1"]
[SourceVersionDate "2020.09.30"]
[SourceQuality "1"]

1. e4 c5 2. Nf3 d6 3. d4 cxd4 4. Nxd4 e6 5. g3 Nf6 6. Bg2 Be7 7. O-O a6 8. c4
O-O 9. b3 Nbd7 10. Bb2 Re8 11. f4 Bf8 12. Nc3 Qc7 13. Kh1 Rb8 14. Rc1 b6 15.
Qe2 Bb7 16. Rfe1 e5 17. Nf5 exf4 18. Nd5 Qd8 19. gxf4 Bxd5 20. cxd5 Nxd5 21.
Nh6+ 1-0

[Event "Speed Chess (Women) GP1"]
[Site "Chess.com INT"]
[Date "2020.06.25"]
[Round "2.1"]
[White "Kosteniuk, Alexandra"]
[Black "Pham, Le Thao Nguyen"]
[Result "0-1"]
[WhiteElo "2471"]
[BlackElo "2366"]
[PlyCount "104"]
[EventDate "2020.06.24"]
[EventType "k.o. (blitz)"]
[EventRounds "4"]
[EventCountry "USA"]
[SourceTitle "CBM 197 Extra"]
[Source "ChessBase"]
[SourceDate "2020.09.30"]
[SourceVersion "1"]
[SourceVersionDate "2020.09.30"]
[SourceQuality "1"]

1. e4 c6 2. c4 e5 3. Nf3 d6 4. Nc3 Nf6 5. d4 Nbd7 6. Be2 Be7 7. O-O O-O 8. Re1
a6 9. a4 a5 10. h3 Re8 11. Bf1 Qc7 12. b3 Bf8 13. Bb2 g6 14. Rc1 Bg7 15. Bd3
exd4 16. Nxd4 Nc5 17. Bc2 Bd7 18. Qf3 Rad8 19. Rcd1 Bc8 20. Ba1 Qe7 21. Nb1 Nh5
22. Bc3 Qc7 23. Nd2 Be5 24. Nf1 Ne6 25. Nxe6 Bxe6 26. Rd2 Qe7 27. Bxa5 Rd7 28.
Bc3 Qg5 29. Rdd1 Nf4 30. Ng3 h5 31. Bxe5 dxe5 32. Rxd7 Bxd7 33. Kh2 c5 34. Ne2
Ne6 35. Qe3 Qf6 36. Rf1 Bc6 37. Nc3 Nd4 38. Bd1 Qf4+ 39. g3 Qf6 40. Nd5 Qd8 41.
f4 exf4 42. Qxf4 Bxd5 43. exd5 Qd7 44. Qg5 Kh7 45. h4 Re7 46. Rf6 Qe8 47. Bxh5
Re1 48. Bg4 Kg7 49. h5 Qe4 50. h6+ Kh8 51. Rf3 Nxf3+ 52. Bxf3 Qxf3 0-1

[Event "Speed Chess (Women) GP1"]
[Site "Chess.com INT"]
[Date "2020.06.25"]
[Round "2.2"]
[White "Pham, Le Thao Nguyen"]
[Black "Kosteniuk, Alexandra"]
[Result "0-1"]
[WhiteElo "2366"]
[BlackElo "2471"]
[PlyCount "148"]
[EventDate "2020.06.24"]
[EventType "k.o. (blitz)"]
[EventRounds "4"]
[EventCountry "USA"]
[SourceTitle "CBM 197 Extra"]
[Source "ChessBase"]
[SourceDate "2020.09.30"]
[SourceVersion "1"]
[SourceVersionDate "2020.09.30"]
[SourceQuality "1"]

1. d4 Nf6 2. Nf3 b6 3. Bf4 Bb7 4. e3 Nh5 5. Bg5 h6 6. Bh4 g5 7. Bg3 Nxg3 8.
hxg3 Bg7 9. Nbd2 d6 10. c3 Nd7 11. Bd3 g4 12. Nh4 h5 13. Nf5 Bf6 14. e4 e6 15.
Ne3 c5 16. d5 Qe7 17. Bb5 exd5 18. exd5 Bg5 19. Bxd7+ Kxd7 20. Qa4+ Kc7 21.
O-O-O Bxe3 22. fxe3 Qxe3 23. Rhe1 Qg5 24. c4 a6 25. Qc2 Rae8 26. Kb1 Bc8 27.
Ka1 Re5 28. a3 Rhe8 29. Rxe5 Rxe5 30. Nb1 Bd7 31. Nc3 f5 32. Ka2 Qe3 33. Rd3
Qh6 34. Qf2 b5 35. cxb5 axb5 36. Ne2 Re4 37. Nf4 h4 38. Qd2 Qh8 39. Ng6 Qg8 40.
Nxh4 Kb6 41. Qh6 Kc7 42. Ng6 b4 43. Nf4 Bb5 44. Rd1 bxa3 45. bxa3 Bc4+ 46. Ka1
Bb3 47. Rb1 c4 48. Qf6 Qa8 49. Qb2 Kb6 50. Rc1 Qa4 51. Ne6 Qb5 52. Qf2+ Kb7 53.
Qb2 Ka7 54. Qg7+ Qb7 55. Qb2 Qxd5 56. Nc7 Qb7 57. Qf2+ Qb6 58. Qxb6+ Kxb6 59.
Nd5+ Kc5 60. Nf4 Re3 61. Kb2 Rxg3 62. Re1 d5 63. Ne6+ Kd6 64. Nf4 d4 65. Re6+
Kd7 66. Rf6 Rc3 67. Rxf5 Rc2+ 68. Kb1 Rf2 69. Rd5+ Kc6 70. Rxd4 Kc5 71. Ne6+
Kb5 72. g3 Ka4 73. Rxg4 Kxa3 74. Nc5 Rf1# 0-1

[Event "Speed Chess (Women) GP1"]
[Site "Chess.com INT"]
[Date "2020.06.25"]
[Round "2.3"]
[White "Kosteniuk, Alexandra"]
[Black "Pham, Le Thao Nguyen"]
[Result "1/2-1/2"]
[WhiteElo "2471"]
[BlackElo "2366"]
[PlyCount "128"]
[EventDate "2020.06.24"]
[EventType "k.o. (blitz)"]
[EventRounds "4"]
[EventCountry "USA"]
[SourceTitle "CBM 197 Extra"]
[Source "ChessBase"]
[SourceDate "2020.09.30"]
[SourceVersion "1"]
[SourceVersionDate "2020.09.30"]
[SourceQuality "1"]

1. e4 c6 2. d4 d5 3. e5 Bf5 4. Nf3 e6 5. Be2 h6 6. Nbd2 Nd7 7. Nb3 Ne7 8. O-O
Bh7 9. Bd2 Nf5 10. a4 Be7 11. a5 a6 12. c4 dxc4 13. Bxc4 O-O 14. Qe2 Nh4 15.
Bc3 Nxf3+ 16. Qxf3 Re8 17. Rfd1 Bf8 18. Bd3 Bxd3 19. Rxd3 Qg5 20. Nd2 Rad8 21.
Ne4 Qf5 22. Qe2 c5 23. Rf3 Qh7 24. Rd1 Nxe5 25. Rg3 Kh8 26. Ng5 Qf5 27. Qxe5
hxg5 28. Rxg5 Qxe5 29. Rxe5 cxd4 30. Rxd4 Rxd4 31. Bxd4 Rd8 32. Bc3 Rd1+ 33.
Re1 Rxe1+ 34. Bxe1 Bc5 35. Kf1 g5 36. g4 Kg7 37. Ke2 Kg6 38. f3 f5 39. h3 Kf7
40. Kd3 Bd6 41. Bd2 Kf6 42. Kc4 Kg6 43. b4 Kf6 44. b5 axb5+ 45. Kxb5 Bc7 46.
Kc5 Kg6 47. Bc3 Kf7 48. Kb5 Kg6 49. Bd4 Kf7 50. Bb6 Bf4 51. Bd8 Be3 52. Kc4 Ke8
53. Bf6 Kd7 54. h4 gxh4 55. Bxh4 fxg4 56. fxg4 Ke8 57. Kd3 Bc5 58. Be1 Kf7 59.
Ke4 Bd6 60. Bd2 Kg6 61. Kf3 Bc7 62. Ke4 Bd6 63. Kf3 Bc7 64. Ke4 Bd6 1/2-1/2

[Event "Speed Chess (Women) GP1"]
[Site "Chess.com INT"]
[Date "2020.06.25"]
[Round "2.4"]
[White "Pham, Le Thao Nguyen"]
[Black "Kosteniuk, Alexandra"]
[Result "0-1"]
[WhiteElo "2366"]
[BlackElo "2471"]
[PlyCount "84"]
[EventDate "2020.06.24"]
[EventType "k.o. (blitz)"]
[EventRounds "4"]
[EventCountry "USA"]
[SourceTitle "CBM 197 Extra"]
[Source "ChessBase"]
[SourceDate "2020.09.30"]
[SourceVersion "1"]
[SourceVersionDate "2020.09.30"]
[SourceQuality "1"]

1. d4 Nf6 2. Bf4 b6 3. e3 Bb7 4. h3 g6 5. Nd2 Bg7 6. Ngf3 d6 7. Be2 O-O 8. O-O
Nbd7 9. a4 a5 10. c3 Re8 11. Bh2 e5 12. Nc4 e4 13. Nfd2 Nd5 14. Na3 f5 15. Nb5
Kh8 16. Qb3 N7f6 17. Rfe1 Re7 18. Rac1 Rd7 19. Na3 Qf8 20. Bb5 Rdd8 21. c4 Nb4
22. Rcd1 Nd3 23. Re2 c6 24. Bxc6 Bxc6 25. Nb5 d5 26. cxd5 Nxd5 27. Nc4 f4 28.
Red2 Rab8 29. Ne5 Bxe5 30. dxe5 fxe3 31. fxe3 Nxe3 32. Rb1 Bd5 33. Qc3 Rbc8 34.
Qd4 Nf5 35. Qxb6 Qc5+ 36. Qxc5 Rxc5 37. Nc3 Bc6 38. e6 Kg8 39. Bc7 Re8 40. Bb6
Rc4 41. Rf1 Rxe6 42. g4 Nh4 0-1

[Event "Speed Chess (Women) GP1"]
[Site "Chess.com INT"]
[Date "2020.06.25"]
[Round "2.5"]
[White "Kosteniuk, Alexandra"]
[Black "Pham, Le Thao Nguyen"]
[Result "1-0"]
[WhiteElo "2471"]
[BlackElo "2366"]
[PlyCount "143"]
[EventDate "2020.06.24"]
[EventType "k.o. (blitz)"]
[EventRounds "4"]
[EventCountry "USA"]
[SourceTitle "CBM 197 Extra"]
[Source "ChessBase"]
[SourceDate "2020.09.30"]
[SourceVersion "1"]
[SourceVersionDate "2020.09.30"]
[SourceQuality "1"]

1. e4 c6 2. c4 e5 3. Nf3 d6 4. Nc3 Nf6 5. Be2 Nbd7 6. d4 Be7 7. O-O O-O 8. Be3
a6 9. d5 cxd5 10. cxd5 b5 11. Nd2 Nb6 12. a4 b4 13. a5 bxc3 14. Bxb6 Qe8 15.
bxc3 Bd7 16. Rb1 Qc8 17. Qc1 Ne8 18. Qa3 f5 19. c4 Nf6 20. exf5 Bxf5 21. Rbc1
Nd7 22. Be3 Qe8 23. Bd3 Qg6 24. Bxf5 Rxf5 25. Qd3 Raf8 26. Ne4 R5f7 27. Rfd1
Bd8 28. c5 dxc5 29. Nxc5 Qxd3 30. Rxd3 Nf6 31. Ne6 Re8 32. Nxd8 Rxd8 33. d6
Rfd7 34. Rc6 Ra8 35. f3 Kf7 36. Rb3 Ke6 37. Kf2 Rxd6 38. Rbb6 Rxc6 39. Rxc6+
Kf7 40. Bc5 h6 41. Ke3 Kg6 42. Bd6 Kf5 43. g4+ Ke6 44. Bc5+ Kf7 45. Kd3 Rd8+
46. Kc4 Ra8 47. h3 e4 48. fxe4 Nxe4 49. Bd4 Nf6 50. Bxf6 gxf6 51. Kc5 Kg6 52.
h4 h5 53. gxh5+ Kf5 54. Kb6 Ke5 55. h6 f5 56. Kb7 Rf8 57. Rxa6 f4 58. Rc6 f3
59. Rc1 Ke4 60. Rf1 Rh8 61. a6 Rxh6 62. a7 Rh7+ 63. Ka6 Rh6+ 64. Kb5 Rh5+ 65.
Kc4 Rh8 66. Ra1 Ra8 67. Kb5 Ke3 68. Kb6 f2 69. Kb7 Rh8 70. a8=Q Rxa8 71. Kxa8
Ke2 72. h5 1-0

[Event "Speed Chess (Women) GP1"]
[Site "Chess.com INT"]
[Date "2020.06.25"]
[Round "2.6"]
[White "Pham, Le Thao Nguyen"]
[Black "Kosteniuk, Alexandra"]
[Result "0-1"]
[WhiteElo "2366"]
[BlackElo "2471"]
[PlyCount "160"]
[EventDate "2020.06.24"]
[EventType "k.o. (blitz)"]
[EventRounds "4"]
[EventCountry "USA"]
[SourceTitle "CBM 197 Extra"]
[Source "ChessBase"]
[SourceDate "2020.09.30"]
[SourceVersion "1"]
[SourceVersionDate "2020.09.30"]
[SourceQuality "1"]

1. d4 Nf6 2. Nf3 e6 3. g3 b6 4. Bg2 Bb7 5. O-O Be7 6. c3 O-O 7. Bg5 Ne4 8. Bxe7
Qxe7 9. Nbd2 f5 10. Nxe4 Bxe4 11. Qd2 d6 12. Ne1 Bxg2 13. Nxg2 Nd7 14. Rae1 Nf6
15. f3 e5 16. d5 a5 17. e4 Nd7 18. Ne3 f4 19. Nf5 Qf6 20. gxf4 exf4 21. Qxf4
Ne5 22. Qg3 Kh8 23. Kh1 g6 24. Nd4 Nd3 25. Re2 Nf4 26. Rd2 Rae8 27. Ne2 Nh5 28.
Qg2 Rxe4 29. fxe4 Qxf1+ 30. Qxf1 Rxf1+ 31. Kg2 Ra1 32. a3 Kg7 33. Kf3 Kf6 34.
Nd4 Ke7 35. Ke3 Rf1 36. Rf2 Rxf2 37. Kxf2 Nf6 38. Kf3 Nd7 39. Kf4 Ne5 40. Kg5
Nf7+ 41. Kf4 Ne5 42. b4 axb4 43. cxb4 h6 44. a4 Nd3+ 45. Kg4 Nxb4 46. h4 Nd3
47. Nb5 Kd7 48. Nd4 Nc5 49. Ne2 Nxe4 50. Nf4 g5 51. hxg5 hxg5 52. Nd3 Nf6+ 53.
Kxg5 Nxd5 54. Kf5 Nc3 55. Nb2 Kc6 56. Kf4 Kc5 57. Ke3 Kb4 58. Kd3 Nxa4 59. Nc4
Kc5 60. Ne3 d5 61. Nf5 c6 62. Ne3 b5 63. Kc2 Nb6 64. Nf5 Nc4 65. Kc3 b4+ 66.
Kb3 Nd2+ 67. Kc2 Ne4 68. Ne3 d4 69. Nf5 Kc4 70. Kb2 c5 71. Kc2 b3+ 72. Kb2 Kb4
73. Ne7 c4 74. Nd5+ Kc5 75. Nf4 Nf2 76. Ka3 Nd1 77. Ne2 Nc3 78. Nf4 Nb5+ 79.
Kb2 d3 80. Ne6+ Kb4 0-1

[Event "Speed Chess (Women) GP1"]
[Site "Chess.com INT"]
[Date "2020.06.25"]
[Round "2.7"]
[White "Kosteniuk, Alexandra"]
[Black "Pham, Le Thao Nguyen"]
[Result "1/2-1/2"]
[WhiteElo "2471"]
[BlackElo "2366"]
[PlyCount "181"]
[EventDate "2020.06.24"]
[EventType "k.o. (blitz)"]
[EventRounds "4"]
[EventCountry "USA"]
[SourceTitle "CBM 197 Extra"]
[Source "ChessBase"]
[SourceDate "2020.09.30"]
[SourceVersion "1"]
[SourceVersionDate "2020.09.30"]
[SourceQuality "1"]

1. e4 c6 2. c4 e5 3. Nf3 d6 4. Nc3 Nf6 5. Be2 Nbd7 6. d4 g6 7. O-O Bg7 8. dxe5
dxe5 9. b3 O-O 10. Ba3 Re8 11. Qc2 Bf8 12. Bxf8 Nxf8 13. Rad1 Qc7 14. Rd2 Bg4
15. Ne1 Bxe2 16. Nxe2 Rad8 17. Nf3 Ne6 18. Rfd1 a5 19. h3 Rd7 20. Rxd7 Nxd7 21.
Qc3 f6 22. Qe3 Kg7 23. g3 Ndc5 24. Nc3 Rd8 25. Kg2 Rd6 26. Rxd6 Qxd6 27. Qd2
Nd4 28. h4 h5 29. Qd1 Qd7 30. Qd2 Qd6 31. Qd1 Nce6 32. Ne2 Qc5 33. Nc3 Nxf3 34.
Qxf3 Qd4 35. Qe3 Qxe3 36. fxe3 Nc5 37. Kf3 Kf7 38. Ke2 Ke6 39. Kf3 Na6 40. Na4
b5 41. cxb5 cxb5 42. Nc3 Nc7 43. Ke2 Kd6 44. Kd3 Kc5 45. a3 b4 46. axb4+ axb4
47. Na4+ Kb5 48. Nb2 Ne6 49. Nc4 Nc5+ 50. Kc2 Nxe4 51. Kd3 Nxg3 52. Nd6+ Kc6
53. Ne8 f5 54. Kc4 f4 55. exf4 exf4 56. Kd4 Nf5+ 57. Ke4 Nxh4 58. Kxf4 Ng2+ 59.
Kf3 Ne1+ 60. Ke2 Nc2 61. Kd3 Na3 62. Nf6 h4 63. Ng4 Kd5 64. Ke3 g5 65. Nf6+ Ke5
66. Ng4+ Ke6 67. Kf3 Nc2 68. Ke4 Ne1 69. Ne3 h3 70. Ng4 Ng2 71. Kf3 Nf4 72. Kg3
Kd5 73. Nf6+ Kd4 74. Nh7 Ne6 75. Nf6 Kc3 76. Nd5+ Kxb3 77. Kxh3 Ka3 78. Kg4 b3
79. Kf5 b2 80. Nc3 Kb3 81. Nb1 Kb4 82. Nd2 Kc3 83. Nb1+ Kd3 84. Na3 Ke3 85.
Nc4+ Kf3 86. Nxb2 g4 87. Nc4 Nd4+ 88. Kg5 g3 89. Nd2+ Ke3 90. Nf1+ Kf2 91. Nxg3
1/2-1/2